| 000 | 00563nam a22001817a 4500 | ||
|---|---|---|---|
| 999 |
_c192735 _d192735 |
||
| 010 | _aENG-135274 | ||
| 020 |
_a9789382632825 _c750.00 |
||
| 035 | _aEN-118806 | ||
| 037 | _bDBAD/PUB | ||
| 082 | _a356.10954 | ||
| 100 | _aBarman,Gaurav | ||
| 245 |
_aThe Sikh Regiment:Bole So Nihal,Sat Sri Akal / _cby Gaurav Barman |
||
| 260 |
_aAllahabad _bAprajita Publication _c2017 |
||
| 270 |
_bAllahabad _e211001 _a5 Khusrobagh Road, |
||
| 300 |
_a264p. _c22cm(Hb) |
||
| 500 | _aSanskriti-NEICR:Decennial Year 2017 | ||
| 942 |
_2ddc _cEN _h356.10954 _mBAR |
||